Online
Catalog

Bartolome de las casas / (Record no. 40454)

MARC details
000 -CABECERA
campo de control de longitud fija 01006nam a2200229 a 4500
001 - NÚMERO DE CONTROL
campo de control 000040964
005 - FECHA Y HORA DE LA ÚLTIMA TRANSACCIÓN
campo de control 20201002034519.0
008 - DATOS DE LONGITUD FIJA--INFORMACIÓN GENERAL
campo de control de longitud fija 130912s1984 sp abc 000 0 spa d
020 ## - NÚMERO INTERNACIONAL ESTÁNDAR DEL LIBRO
Número Internacional Estándar del Libro 8400056620
040 ## - FUENTE DE LA CATALOGACIÓN
Centro catalogador/agencia de origen DO-SdBNP
Lengua de catalogación spa
Centro/agencia transcriptor BNPHU
100 1# - ENTRADA PRINCIPAL--NOMBRE DE PERSONA
Nombre de persona Gimenez Fernandez, Manuel
Fechas asociadas al nombre 1896-1968.
9 (RLIN) 67394
245 10 - MENCIÓN DE TÍTULO
Título Bartolome de las casas /
Mención de responsabilidad, etc. Manuel Giménez Fernández.
246 14 - FORMA VARIANTE DE TÍTULO
Título propio/Titulo breve Política inicial de Carlos i en Indias
260 ## - PUBLICACIÓN, DISTRIBUCIÓN, ETC.
Lugar de publicación, distribución, etc. Madrid : , :
Nombre del editor, distribuidor, etc. Escuela de Estudios Hispano-Americanos,
Fecha de publicación, distribución, etc. 1984.
300 ## - DESCRIPCIÓN FÍSICA
Extensión v. :
Otras características físicas il., lams., mapas, retrs. ;
Dimensiones 25 cm.
500 ## - NOTA GENERAL
Nota general Reimpresión
504 ## - NOTA DE BIBLIOGRAFÍA, ETC.
Nota de bibliografía, etc. Incluye bibliografías
504 ## - NOTA DE BIBLIOGRAFÍA, ETC.
Nota de bibliografía, etc. Incluye referencias bibliográficas y notas al pie de las páginas
505 0# - NOTA DE CONTENIDO CON FORMATO
Nota de contenido con formato v.1 :
Título Delegado de Cisneros para la reformación de la Indias (1516-1517). --
Información miscelánea v. 2 :
Título Capellán de S. M. Carlos I poblador de Cumaná (1517-1523) --
710 2# - PUNTO DE ACCESO ADICIONAL--NOMBRE DE ENTIDAD CORPORATIVA
Nombre de entidad corporativa o nombre de jurisdicción como elemento de entrada Escuela de Estudios Hispano-Americanos,
9 (RLIN) 30487
710 2# - PUNTO DE ACCESO ADICIONAL--NOMBRE DE ENTIDAD CORPORATIVA
Nombre de entidad corporativa o nombre de jurisdicción como elemento de entrada Consejo Superior de Investigación Científicas (España)
9 (RLIN) 64047
Holdings
Estado de retiro Estado de pérdida Restricciones de uso No para préstamo Código de colección Localización permanente Ubicación/localización actual Ubicación en estantería Fecha de adquisición Número de inventario Total de préstamos Signatura topográfica completa Código de barras Fecha visto por última vez Precio válido a partir de Tipo de ítem Koha
      Excluido de préstamo Monografías: Libros y Folletos General General En catalogación 12.09.2013 LF1   v. 1 40964-10 25.06.2020 25.06.2020 No se presta

Powered by Koha